| 000 | 00685nam a2200193Ia 4500 | ||
|---|---|---|---|
| 005 | 20251020182615.0 | ||
| 008 | 200515s9999 xx 000 0 und d | ||
| 082 | _aSC/693.1/V44O | ||
| 110 | _aInstituto Nacional de Cooperación Educativa | ||
| 245 | 0 | _aAlbañilería: Operaciones | |
| 260 | _aCaracas | ||
| 260 | _c1975 | ||
| 300 | _a44 | ||
| 520 | _aOperaciones básicas del oficio albañil, es una ayuda para el aprendizaje de la especialidad. Contiene también algunas operaciones propias de las especialidades del cabillero y del encofrador, que con frecuencia también ejecuta el albañil | ||
| 650 | _aALBAÑILERIA | ||
| 650 | _aHO | ||
| 650 | _aPUB INCE | ||
| 942 | _cLIB | ||
| 999 |
_c3480 _d3480 |
||